[Event "Budapest FS08 GM"]
[Site "Budapest"]
[Date "1997.08.05"]
[Round "4"]
[White "Acs, Peter"]
[Black "Arnold, Lothar"]
[Result "1-0"]
[WhiteElo "2460"]
[BlackElo "2350"]

1.e4 c5 2.Nf3 Nf6 3.Nc3 Nc6 4.d4 cxd4 5.Nxd4 d6 6.Bg5 e6 7.Qd2 a6 8.O-O-O h6
9.Be3 Be7 10.f4 Nxd4 11.Bxd4 b5 12.Qe3 Bb7 13.Bxf6 Bxf6 14.e5 Be7 15.exd6 Bxd6
16.Ne4 Bxe4 17.Qxe4 O-O 18.Bd3 g6 19.h4 Qf6 20.Rdf1 Rac8 21.h5 Kg7 22.Kb1 Rc7
23.g4 Bc5 24.hxg6 Qd4 25.Qe2 fxg6 26.Qh2 Rh8 27.f5 Bd6 28.f6+ Kf8 29.Qd2 g5
30.Re1 Bf4 31.Qa5 Be5 32.Qa3+ Kf7 33.Qb3 Rc6 34.Re4 Qd6 35.Rhe1 Bxf6 36.Rxe6 Qxe6
37.Rxe6 Rxe6 38.Bf5 Re8 39.Qd5 Re7 40.a4 bxa4 41.c4 Be5 42.c5 Kf6 43.Ka2 Bc7
44.Bxe6 Rxe6 45.Qf5+ Ke7 46.Qh7+ Kd8 47.Qg8+ Re8 48.Qd5+ Ke7 49.Qb7 Kd7 50.Qxa6 Re5
51.Qxa4+  1-0

[Event "MK Cafe op-A"]
[Site "Koszalin"]
[Date "1997.08.05"]
[Round "4"]
[White "Socko, Bartosz"]
[Black "Sherbakov, Ruslan"]
[Result "1-0"]
[WhiteElo "2435"]
[BlackElo "2580"]

1.e4 c5 2.Nf3 Nc6 3.d4 cxd4 4.Nxd4 Nf6 5.Nc3 d6 6.Bg5 e6 7.Qd2 a6 8.O-O-O Bd7
9.f3 Qc7 10.Kb1 Be7 11.Be3 O-O 12.g4 Ne5 13.g5 Nh5 14.f4 Nc4 15.Bxc4 Qxc4
16.Nde2 b5 17.Ng3 b4 18.Nxh5 bxc3 19.Qd4 Qxd4 20.Bxd4 e5 21.fxe5 dxe5 22.Bxe5 Bg4
23.Nxg7 Bxd1 24.Nf5 Rfd8 25.Nxe7+ Kf8 26.Nd5 Bf3 27.Rf1 Bxe4 28.Nf6 Bg6 29.Bxc3 Rac8
30.h4 Rc4 31.h5 Rf4 32.Re1 Bf5 33.h6 Rc4 34.a3 a5 35.Bxa5 Bxc2+ 36.Ka2 Bf5
37.Bxd8  1-0

[Event "MK Cafe op-A"]
[Site "Koszalin"]
[Date "1997.08.06"]
[Round "5"]
[White "Brodsky, Michail"]
[Black "Shishkin, Vadim"]
[Result "1-0"]
[WhiteElo "2545"]
[BlackElo "2405"]

1.e4 c5 2.Nf3 Nc6 3.d4 cxd4 4.Nxd4 Nf6 5.Nc3 d6 6.Bg5 e6 7.Qd2 a6 8.O-O-O Bd7
9.f3 Nxd4 10.Qxd4 Qa5 11.h4 Be7 12.Kb1 Bc6 13.Qd2 h5 14.Bd3 b5 15.Rhe1 Qc7
16.Bf1 Rd8 17.Qf2 Kf8 18.Rd2 Rd7 19.Ne2 g6 20.Nd4 Bb7 21.g3 Ne8 22.Bh3 Bxg5
23.hxg5 Re7 24.f4 Bc8 25.e5 d5 26.g4 hxg4 27.Bxg4 Ng7 28.Qg2 Re8 29.Rh1 Ke7
30.Qg1 Bd7 31.Rdh2 Rxh2 32.Rxh2 Rg8 33.Rh7 Qc8 34.Nb3 Qc4 35.Qf2 Qc7 36.a3 Ne8
37.Qd2 Ng7 38.Qb4+ Ke8 39.Nc5 a5 40.Qd4 Ke7 41.Nxd7 Kxd7 42.Qxd5+  1-0

[Event "MK Cafe op-A"]
[Site "Koszalin"]
[Date "1997.08.06"]
[Round "5"]
[White "Shilov, Sergej"]
[Black "Ehrenfeucht, Wojciech"]
[Result "1-0"]
[WhiteElo "2345"]
[BlackElo "2275"]

1.e4 c5 2.Nf3 d6 3.d4 cxd4 4.Nxd4 Nf6 5.Nc3 Nc6 6.Bg5 e6 7.Qd2 a6 8.O-O-O Bd7
9.f4 h6 10.Bxf6 Qxf6 11.Nxc6 Bxc6 12.Qe3 Qe7 13.Bc4 b5 14.Bb3 Qa7 15.Qe2 b4
16.Nb1 Bb5 17.Qf3 Be7 18.f5 exf5 19.exf5 O-O 20.Nd2 a5 21.Bd5 Rac8 22.Ne4 Qc7
23.Rd2 Bg5 24.Nxg5 hxg5 25.h4 g4 26.Qxg4 Qe7 27.h5 Kh7 28.h6 g5 29.Qd4 Qe5
30.f6 Qxd4 31.Rxd4 Kg6 32.Be4+ Kxf6 33.Rxd6+ Ke5 34.Rd5+ Kxe4 35.Rxb5 f5
36.Rxa5 g4 37.Rf1 f4 38.Re1+ Kd4 39.Rae5  1-0

[Event "MK Cafe op-A"]
[Site "Koszalin"]
[Date "1997.08.06"]
[Round "5"]
[White "Luther, Thomas"]
[Black "Sakalauskas, Vaidas"]
[Result "0-1"]
[WhiteElo "2525"]
[BlackElo "2375"]

1.e4 c5 2.Nf3 Nc6 3.d4 cxd4 4.Nxd4 Nf6 5.Nc3 d6 6.Bg5 e6 7.Qd2 a6 8.O-O-O h6
9.Be3 Be7 10.f4 Nxd4 11.Bxd4 b5 12.Kb1 b4 13.Na4 Rb8 14.e5 dxe5 15.Bxe5 Bd7
16.Qe3 Ng4 17.Qa7 Nxe5 18.fxe5 Ra8 19.Qe3 Qc8 20.Nb6 Bc5 21.Nxc8 Bxe3 22.Nd6+ Ke7
23.Nxf7 Rhf8 24.Nd6 Bc6 25.Bd3 Bxg2 26.Rhe1 Bf2 27.Be4 Bxe1 28.Bxg2 Bf2 29.Bxa8 Rxa8
30.c3 bxc3 31.bxc3 Be3 32.Nc4 Bf4 33.h3 Rc8 34.Rd4 g5 35.Kc2 Rc5 36.Re4 Kf7
37.h4 Kg6 38.hxg5 hxg5 39.Kd3 Rd5+ 40.Ke2 Kf5 41.Nd6+ Rxd6 42.Rxf4+ Kxe5
43.Rf8 Ke4 44.Rg8 Rd5 45.Re8 e5 46.Rg8 Kf4 47.Rf8+ Kg3 48.c4 Ra5 49.Rf3+ Kh4
50.Rc3 g4 51.Kf2 e4 52.a3 Rf5+ 53.Kg2 Re5 54.Re3 Kg5 55.Kg3 Kf5 56.a4 a5
57.Re1 e3 58.c5 Ke4 59.Rc1 Kd3 60.c6 e2 61.c7 Rc5  0-1

[Event "MK Cafe op-A"]
[Site "Koszalin"]
[Date "1997.08.07"]
[Round "6"]
[White "Ehrenfeucht, Wojciech"]
[Black "Lopushnoy, Denis"]
[Result "1/2-1/2"]
[WhiteElo "2275"]
[BlackElo "2385"]

1.e4 c5 2.Nf3 Nc6 3.d4 cxd4 4.Nxd4 Nf6 5.Nc3 d6 6.Bg5 e6 7.Qd2 a6 8.O-O-O h6
9.Bf4 Bd7 10.Nb3 Ne5 11.Bg3 b5 12.f4 b4 13.fxe5 bxc3 14.Qxc3 Nxe4 15.Qe3 d5
16.Kb1  1/2-1/2

[Event "MK Cafe op-A"]
[Site "Koszalin"]
[Date "1997.08.09"]
[Round "8"]
[White "Brustman, Agnieszka"]
[Black "Prokopchuk, Evgeny"]
[Result "0-1"]
[WhiteElo "2380"]
[BlackElo "2475"]

1.e4 c5 2.Nf3 d6 3.d4 cxd4 4.Nxd4 Nf6 5.Nc3 Nc6 6.Bg5 e6 7.Qd2 a6 8.O-O-O h6
9.Be3 Qc7 10.f3 Rb8 11.Kb1 Bd7 12.g4 Ne5 13.h4 b5 14.Bd3 b4 15.Nce2 d5 16.g5 dxe4
17.fxe4 Nfg4 18.Rdf1 Nxe3 19.Qxe3 h5 20.Qf4 Bd6 21.g6 f6 22.Qd2 Qb6 23.Nf3 Nxf3
24.Rxf3 Ke7 25.Rd1 Rhd8 26.Ng3 Qc5 27.Qe2 Bc6 28.Rdf1 Be5 29.Qe3 Bd4 30.Qf4 Be8
31.Ne2 Be5 32.Qc1 a5 33.Rg1 a4 34.Qe3 Qc7 35.Rgf1 Rb6 36.Qc1 Rbd6 37.Qe1 b3
38.Qc1 a3 39.axb3 axb2 40.Qd2 Qa7 41.c3 Qa1+ 42.Kc2 Qa2 43.Rb1 Qxb3+ 44.Kxb3 Rb6+
45.Bb5 Rxd2  0-1

[Event "Lost Boys op"]
[Site "Antwerp"]
[Date "1997.08.10"]
[Round "9"]
[White "Nijboer, Friso"]
[Black "Avrukh, Boris"]
[Result "0-1"]
[WhiteElo "2605"]
[BlackElo "2550"]

1.e4 c5 2.Nf3 Nc6 3.d4 cxd4 4.Nxd4 Nf6 5.Nc3 d6 6.Bg5 e6 7.Qd2 a6 8.O-O-O h6
9.Be3 Be7 10.f4 Nxd4 11.Bxd4 b5 12.Be2 b4 13.Na4 Rb8 14.Qe3 Qc7 15.Kb1 Bd7
16.Nb6 e5 17.fxe5 dxe5 18.Nxd7 Nxd7 19.Qg3 Rc8 20.Bxa6 Qxc2+ 21.Ka1 exd4
22.Bxc8 Qxc8 23.Qxg7 Bf6 24.Qg3 Be5 25.Qb3 Qb7 26.Rhf1 O-O 27.Rf5 Bg7 28.Rd5 Qc6
29.Qxb4 d3 30.Rb1 Rb8 31.Qa3 Rxb2  0-1

[Event "MK Cafe op-A"]
[Site "Koszalin"]
[Date "1997.08.10"]
[Round "9"]
[White "Brodsky, Michail"]
[Black "Poluljahov, Aleksandr"]
[Result "1-0"]
[WhiteElo "2545"]
[BlackElo "2510"]

1.e4 c5 2.Nf3 Nc6 3.d4 cxd4 4.Nxd4 Nf6 5.Nc3 d6 6.Bg5 e6 7.Qd2 a6 8.O-O-O Nxd4
9.Qxd4 Be7 10.f4 b5 11.Bxf6 gxf6 12.Be2 Qc7 13.Bf3 Bb7 14.Kb1 Qc5 15.Qd2 O-O-O
16.Rhe1 Kb8 17.a3 h5 18.Re3 Rc8 19.Ne2 h4 20.Nd4 Qb6 21.Nb3 Ba8 22.Qe1 Rc7
23.Rdd3 Rhc8 24.Re2 Rh8 25.h3 Ka7 26.Nd2 Rc5 27.Nb3 Rc4 28.f5 e5 29.Nd2 Rd4
30.Ree3 Bd8 31.Rxd4 Qxd4 32.Rd3 Qc5 33.Nf1 Bb6 34.Ne3 Qc7 35.Ng4 Qe7 36.Qd2 Bc7
37.Ne3 Bb7 38.c4 bxc4 39.Nxc4 Rd8 40.Qh6 d5 41.exd5 Qc5 42.Qxh4 Bxd5 43.Rxd5 Rxd5
44.Qe4  1-0

[Event "TCN Cup 3rd "]
[Site "Beijing"]
[Date "1997.08.19"]
[Round "1"]
[White "Liang Jinrong"]
[Black "Atalik, Suat"]
[Result "1/2-1/2"]
[WhiteElo "2425"]
[BlackElo "2590"]

1.e4 c5 2.Nf3 d6 3.d4 cxd4 4.Nxd4 Nf6 5.Nc3 Nc6 6.Bg5 e6 7.Qd2 a6 8.O-O-O h6
9.Bf4 Bd7 10.Nxc6 Bxc6 11.f3 d5 12.Qe1 Bb4 13.a3 Ba5 14.b4 Bb6 15.exd5 Bxd5
16.Be5 O-O 17.Qh4 Be3+ 18.Kb2 Nd7 19.Qxd8 Rfxd8 20.Nxd5 exd5 21.Bd4 Bxd4+
22.Rxd4 Nf8 23.Be2 Ne6 24.Rd2 a5 25.Rhd1 axb4 26.axb4 Nc7 27.Bc4 Ra4 28.c3 Rda8
29.Bb3 R4a6 30.g4 g5 31.Bxd5 Nxd5 32.Rxd5 Ra2+ 33.Kb3 R8a3+ 34.Kc4 Rxh2 35.Rf5 Rc2
36.Rd8+ Kg7 37.Rd7 Rcxc3+ 38.Kb5 Kg6 39.Rdxf7 Ra6 40.Rxb7 Rf6 41.Rd5 Rcxf3
42.Rdd7 Rf8 43.Rb6+ R8f6 44.Rdd6 Rxd6 45.Rxd6+ Kf7 46.Kc4 Ke7 47.Rd4 h5 48.gxh5 Rh3
49.b5 Rxh5 50.b6 Rh8 51.Rd5 g4 52.Kb5 Rg8 53.b7 Ke6 54.Kc6 g3 55.Rg5 Rxg5
56.b8=Q g2 57.Qb3+ Ke5 58.Qe3+ Kf5 59.Qf3+ Kg6 60.Qd3+ Kg7 61.Qd7+ Kg6 62.Qd3+ Kg7
63.Qd7+  1/2-1/2

[Event "FRA-ch"]
[Site "Narbonne"]
[Date "1997.08.21"]
[Round "6"]
[White "Marciano, David"]
[Black "Relange, Eloi"]
[Result "1-0"]
[WhiteElo "2470"]
[BlackElo "2505"]

1.e4 c5 2.Nf3 d6 3.d4 cxd4 4.Nxd4 Nf6 5.Nc3 Nc6 6.Bg5 e6 7.Qd2 a6 8.O-O-O h6
9.Be3 Nxd4 10.Bxd4 Be7 11.f4 b5 12.Qe3 Bb7 13.Bxf6 gxf6 14.Bd3 Qc7 15.f5 Qc5
16.Qg3 Kd7 17.fxe6+ fxe6 18.Qh3 Rag8 19.Rhe1 Qg5+ 20.Kb1 Qxg2 21.Qe3 Rc8
22.Re2 Qg5 23.Qb6 Bc6 24.Nd5 Bxd5 25.exd5 Qxd5 26.Qxa6 Rb8 27.c4 Qa8 28.cxb5 Qxa6
29.bxa6 f5 30.a4 e5 31.Bxf5+ Kc7 32.a5 Rb5 33.Rc1+ Kb8 34.Rec2 Bg5 35.Rc8+ Rxc8
36.Rxc8+ Ka7 37.Bd3 Rxa5 38.Rc7+ Kb6 39.Rb7+ Kc6 40.b4 Ra3 41.Bb5+ Kd5 42.Kb2 Rh3
43.a7 Rxh2+ 44.Kc3  1-0

[Event "ST Lee Cup 4th"]
[Site "Beijing"]
[Date "1997.08.24"]
[Round "2"]
[White "Li Shilong"]
[Black "Yakovich, Yuri"]
[Result "1-0"]
[WhiteElo "2335"]
[BlackElo "2610"]

1.e4 c5 2.Nf3 Nc6 3.d4 cxd4 4.Nxd4 Nf6 5.Nc3 d6 6.Bg5 e6 7.Qd2 a6 8.O-O-O Bd7
9.f4 b5 10.Bxf6 gxf6 11.Kb1 Qb6 12.Nxc6 Bxc6 13.Re1 Be7 14.f5 h5 15.g3 Qc5
16.fxe6 fxe6 17.Bh3 Bd7 18.Ne2 Qe5 19.Nf4 Rg8 20.Rhf1 Rc8 21.Qe2 Rg5 22.Qf2 Rc4
23.b3 Rc8 24.Re3 a5 25.Rd1 a4 26.Nd3 Qd4 27.Nb2 Qa7 28.Rf3 Qxf2 29.Rxf2 h4
30.gxh4 Rh5 31.Rf4 Kf7 32.Bg4 Rhc5 33.Rd2 Rh8 34.Nd3 Rc7 35.h5 e5 36.Bxd7 exf4
37.Bg4 f5 38.Bxf5 Rxh5 39.Nxf4 Rg5 40.Rd1 Rc6 41.h4 Rg3 42.Bd7 Rc5 43.Rf1 Kg8
44.Be6+ Kh7 45.Nd5 Bd8 46.b4 Rc4 47.Nf6+ Bxf6 48.Bxc4 Bc3 49.Bd3 Bxb4 50.e5+ Kg7
51.e6 a3 52.Bxb5 Re3 53.Bc4 Bc3 54.Rg1+ Kh6 55.Kc1 Re4 56.Bd5 Re5 57.Rd1 Bb2+
58.Kb1 Bc3 59.Kc1 Bb2+ 60.Kb1 Bc3 61.Bb3 Kh5 62.Rd5 Rxd5 63.Bxd5 Bf6 64.c4 Bxh4
65.Kc2 Kg6 66.Kb3 Kf6 67.Kxa3 Ke7 68.Kb4 Kd8 69.Kb5 Kc7 70.a4  1-0

[Event "FRA-ch"]
[Site "Narbonne"]
[Date "1997.08.26"]
[Round "11"]
[White "Bauer, Christian"]
[Black "Fontaine, Robert"]
[Result "1-0"]
[WhiteElo "2525"]
[BlackElo "2395"]

1.e4 c5 2.Nf3 d6 3.d4 cxd4 4.Nxd4 Nf6 5.Nc3 Nc6 6.Bg5 Bd7 7.Qd2 Rc8 8.Bxf6 gxf6
9.O-O-O Nxd4 10.Qxd4 Qa5 11.f4 h5 12.Kb1 Qc5 13.Qd2 Bg7 14.Be2 Bc6 15.Nd5 Bxd5
16.exd5 f5 17.c3 Qb6 18.Rc1 Rc5 19.Rhe1 Kd7 20.Bd1 Rh6 21.Qe3 e5 22.Qh3 Ke7
23.Qxf5 Rb5 24.Re2 Rf6 25.Qe4 Kf8 26.g3 Rh6 27.Bb3 a5 28.Rf1 Rf6 29.Ree1 Qd8
30.fxe5 dxe5 31.Rxf6 Qxf6 32.Qc4 Rb6 33.Rf1 Qd6 34.Qc8+ Ke7 35.c4 Qg6+ 36.Bc2 Rxb2+
37.Kxb2 Qb6+ 38.Bb3 e4+ 39.Kc2 a4 40.c5 axb3+ 41.axb3  1-0

[Event "ST Lee Cup 4th"]
[Site "Beijing"]
[Date "1997.08.28"]
[Round "5"]
[White "Liu Dede"]
[Black "Simonovic, Aleksandar"]
[Result "1/2-1/2"]
[WhiteElo "2400"]
[BlackElo "2420"]

1.e4 c5 2.Nf3 d6 3.d4 cxd4 4.Nxd4 Nf6 5.Nc3 Nc6 6.Bg5 Bd7 7.Qd2 Rc8 8.O-O-O Nxd4
9.Qxd4 Qa5 10.Bxf6 gxf6 11.Kb1 Qc5 12.Qd2 e6 13.f4 b5 14.Bd3 b4 15.Ne2 a5
16.Ng3 a4 17.Rhe1 a3 18.b3 Qc3 19.Qc1 Bh6 20.Ne2 Qc5 21.Bc4 Bc6 22.Nd4 O-O
23.Qe3 Kh8 24.Nxc6 Rxc6 25.Qf3 f5 26.Qh5 Bg7 27.exf5 exf5 28.Qf3 Rcc8 29.Rd5 Qb6
30.Qd3 Rce8 31.Rd1 Qf2 32.Qd2 Qxd2 33.R5xd2 Re4 34.g3 Rd8 35.Bxf7 Bc3 36.Rd5 Kg7
37.Bh5 Kf6 38.Rf1 Rd7 39.Bf3 Ree7 40.Bg2 Re2 41.Bh3 Rde7 42.Rxf5+ Kg7 43.Rg5+ Kf8
44.Rd1 Re1 45.Rd5 Rxd1+ 46.Rxd1 Re2 47.Rh1 Ke7 48.Bf5 h6 49.Bd3 Rg2 50.Kc1 Kf6
51.Kd1 Rd2+ 52.Kc1 Rg2 53.Bf1 Rf2 54.h3 Rf3 55.Kd1 Rxg3 56.Bd3 Rg2 57.f5  1/2-1/2

[Event "ST Lee Cup 4th"]
[Site "Beijing"]
[Date "1997.09.01"]
[Round "8"]
[White "Peng Xiaomin"]
[Black "Wang Lei"]
[Result "1-0"]
[WhiteElo "2530"]
[BlackElo "2375"]

1.e4 c5 2.Nf3 Nc6 3.d4 cxd4 4.Nxd4 Nf6 5.Nc3 d6 6.Bg5 e6 7.Qd2 a6 8.O-O-O Bd7
9.f3 h6 10.Be3 Nxd4 11.Qxd4 b5 12.Kb1 Rb8 13.g4 b4 14.Ne2 e5 15.Qd2 Be6 16.g5 Qa5
17.Nc1 Nh5 18.h4 Ng3 19.Rg1 Nxf1 20.Rgxf1 hxg5 21.hxg5 Qc7 22.f4 a5 23.g6 f6
24.f5 Bc4 25.Rh1 Rxh1 26.Rxh1 Rd8 27.Rh8 d5 28.b3 d4 29.bxc4 dxe3 30.Qxe3 a4
31.Nd3 Rd4 32.c5 Qd8 33.Qh3 Qe7 34.c6 Qd6 35.Nc1 Qc5 36.Qh2 Rd1 37.c7 Kd7
38.Qe2 Qg1 39.c8=Q+ Kxc8 40.Rxf8+  1-0

[Event "ESP-chT"]
[Site "Ponferrada"]
[Date "1997.09.06"]
[Round "8"]
[White "Illescas Cordoba, Miguel"]
[Black "San Segundo, Pablo"]
[Result "1-0"]
[WhiteElo "2585"]
[BlackElo "2495"]

1.e4 c5 2.Nf3 d6 3.d4 cxd4 4.Nxd4 Nf6 5.Nc3 Nc6 6.Bg5 e6 7.Qd2 Be7 8.O-O-O Nxd4
9.Qxd4 O-O 10.f4 Qa5 11.Bc4 Bd7 12.e5 dxe5 13.fxe5 Bc6 14.Bd2 Nd7 15.Nd5 Qd8
16.Nxe7+ Qxe7 17.Rhe1 Rfd8 18.Qg4 Nf8 19.Bd3 Rd5 20.g3 Ng6 21.Bc3 Rc8 22.h4 Qc5
23.Qe2 Bb5 24.Bxb5 Qxb5 25.Qxb5 Rxb5 26.a4 Rbc5 27.Rd7 R5c7 28.Rxc7 Rxc7
29.h5 Ne7 30.Rd1 Nd5 31.Bd4 a6 32.a5 Kf8 33.b3 Ke8 34.c4 Ne7 35.g4 Rd7 36.Rd2 Nc6
37.Bc3 Rxd2 38.Kxd2 Kd7 39.Ke3 Nb8 40.Kd4 Kc6 41.Bb4 Kd7 42.Ke4 Nc6 43.Bc3 Nb8
44.b4 Kc6 45.Bd4 Nd7 46.Kf4 Nb8 47.Ba7 Nd7 48.Be3 Nb8 49.Bd4 Nd7 50.Kg5 h6+
51.Kf4 b5 52.axb6 Nxb6 53.Bxb6 Kxb6 54.g5 a5 55.gxh6 gxh6 56.bxa5+ Kxa5 57.Ke3 Kb6
58.Kd3 Ka5 59.Ke3 Ka4 60.Ke4 Ka5 61.Kd3 Ka4 62.Kc3  1-0

[Event "Budapest FS09 IM"]
[Site "Budapest"]
[Date "1997.09.08"]
[Round "3"]
[White "Grabics, Monika"]
[Black "Varga, Peter"]
[Result "1-0"]
[WhiteElo "2330"]
[BlackElo "2395"]

1.e4 c5 2.Nf3 Nc6 3.d4 cxd4 4.Nxd4 Nf6 5.Nc3 d6 6.Bg5 e6 7.Qd3 a6 8.O-O-O h6
9.Bh4 Ne5 10.Qh3 Ng6 11.Bg3 Qa5 12.f4 e5 13.Nf5 exf4 14.Be1 Qe5 15.Bd3 Be6
16.Qf3 d5 17.Nxd5 Nxd5 18.exd5 Bxf5 19.Bc3 Nh4 20.Qh5 Qe3+ 21.Bd2 Qf2 22.Bxf5 g6
23.Bxg6 Nxg6 24.Rhe1+ Kd8 25.Ba5+ b6 26.Bc3 Bd6 27.Re2 Qc5 28.Bxh8 Nxh8 29.Qxh6 Kc7
30.Qf6 Rc8 31.a3 a5 32.Kb1 Kb8 33.Rd3 Ng6 34.Rc3 Qg1+ 35.Ka2 Rxc3 36.Qxd6+ Rc7
37.Re8+ Kb7 38.Qd8 Rc5 39.Qa8+ Kc7 40.Qb8+  1-0

[Event "Budapest FS09 IM"]
[Site "Budapest"]
[Date "1997.09.09"]
[Round "4"]
[White "Le Thi Phuong Lien"]
[Black "Kiss, Gedeon"]
[Result "1/2-1/2"]
[WhiteElo "2265"]
[BlackElo "2260"]

1.e4 c5 2.Nf3 Nc6 3.d4 cxd4 4.Nxd4 Nf6 5.Nc3 d6 6.Bg5 e6 7.Qd2 Be7 8.O-O-O Nxd4
9.Qxd4 a6 10.f4 b5 11.Bxf6 gxf6 12.g4 Rg8 13.Be2 Qc7 14.f5 Qc5 15.Qd2 Bd7
16.e5 Qxe5 17.Bf3 Rc8 18.Rhe1 Qc5 19.Re2 Qb4 20.Qh6 Rxc3 21.bxc3 Qxc3 22.Qe3 Qa1+
23.Kd2 Qxa2 24.Qc3 Qc4 25.Qxc4 bxc4 26.Kc3 d5 27.Ra1 Bd6 28.Rxa6 Ke7 29.fxe6 fxe6
30.Bxd5 Be5+ 31.Rxe5 fxe5 32.Bf3 Rf8 33.Be2 Rf2 34.Bxc4 Rxh2 35.Bd3 Rh3 36.Kb4 Rh4
37.Kc5 h6 38.Ra1 Rxg4 39.Re1 Kf6 40.Be4 h5 41.Kd6 Be8 42.c4 h4  1/2-1/2

[Event "Budapest FS09 IM"]
[Site "Budapest"]
[Date "1997.09.10"]
[Round "5"]
[White "Demidenko, Sergey"]
[Black "Varga, Peter"]
[Result "0-1"]
[WhiteElo "2260"]
[BlackElo "2395"]

1.e4 c5 2.Nf3 d6 3.d4 cxd4 4.Nxd4 Nf6 5.Nc3 Nc6 6.Bg5 e6 7.Qd2 a6 8.O-O-O h6
9.Bf4 Bd7 10.Nxc6 Bxc6 11.f3 d5 12.exd5 Nxd5 13.Be5 f6 14.Bd4 Bb4 15.a3 Nxc3
16.Bxc3 Qxd2+ 17.Bxd2 Bxd2+ 18.Rxd2 Rd8 19.Bc4 Rxd2 20.Kxd2 Ke7 21.Rd1 g5
22.Ke3 h5 23.g3 h4 24.g4 f5 25.gxf5 exf5 26.Bd5 Rd8 27.c4 Bxd5 28.cxd5 Kd6
29.h3 Re8+ 30.Kd4 Re5 31.Kc4 b5+ 32.Kb4 Rxd5 33.Rg1 Rd4+ 34.Ka5 Kc6 35.b3 Rd3
36.Kb4 Kb6 37.a4 a5+ 38.Ka3 b4+ 39.Kb2 Rxf3 40.Rxg5 Rf2+ 41.Kb1 Kc5 42.Rg8 Kd4
43.Rc8 f4 44.Rc4+ Kd3 45.Kc1 f3  0-1

[Event "Banicky Kahanec"]
[Site "Prievidza"]
[Date "1997.09.10"]
[Round "3"]
[White "Manik, Mikulas"]
[Black "Boidman, Yuri"]
[Result "1-0"]
[WhiteElo "2465"]
[BlackElo "2420"]

1.e4 c5 2.Nf3 Nc6 3.d4 cxd4 4.Nxd4 Nf6 5.Nc3 d6 6.Bg5 e6 7.Qd2 a6 8.O-O-O Bd7
9.f4 b5 10.a3 Qb8 11.Be2 b4 12.axb4 Qxb4 13.Bf3 Rb8 14.Nb3 Na5 15.e5 h6 16.Bh4 g5
17.fxg5 Qxh4 18.Nxa5 Qb4 19.Nb3 hxg5 20.exf6 g4 21.Qe2 Qf4+ 22.Kb1 gxf3 23.gxf3 Qxf6
24.Ne4 Qe5 25.Qxa6 d5 26.Qa7 Bg7 27.Nc3 Bc6 28.Rhe1 Rb7 29.Qc5 Qc7 30.Na5 Rb6
31.Nxd5 Rxb2+ 32.Kc1 Qc8 33.Nxc6 Qb7 34.Nc7+ Qxc7 35.Rd8+ Qxd8 36.Nxd8 Kxd8
37.Qg5+  1-0

[Event "Budapest FS09 IM"]
[Site "Budapest"]
[Date "1997.09.12"]
[Round "7"]
[White "Kiss, Gedeon"]
[Black "Varga, Peter"]
[Result "1-0"]
[WhiteElo "2260"]
[BlackElo "2395"]

1.e4 c5 2.Nf3 d6 3.d4 cxd4 4.Nxd4 Nf6 5.Nc3 Nc6 6.Bg5 e6 7.Qd2 a6 8.O-O-O h6
9.Be3 Nxd4 10.Bxd4 b5 11.f3 Be7 12.Kb1 Rb8 13.Qf2 b4 14.Ne2 Qa5 15.h4 e5
16.Ba7 Rb7 17.Be3 Be6 18.Nc1 d5 19.Nb3 Qc7 20.exd5 Nxd5 21.Bc5 Nc3+ 22.bxc3 Bxb3
23.cxb3 Bxc5 24.Qc2 bxc3 25.Qxc3 a5 26.Rd5 Bd4 27.Qxa5 Qxa5 28.Rxa5 Ke7 29.Bd3 Rc7
30.Bc4 h5 31.Kc2 Rh6 32.Re1 Rd6 33.a4 f5 34.f4 Rg6 35.Re2 Rg4 36.fxe5 Rxh4
37.Rd5 Rg4 38.e6 Bg1 39.Rxf5 Rcxc4+ 40.bxc4 Rxc4+ 41.Kb3  1-0

[Event "Budapest FS09 IM"]
[Site "Budapest"]
[Date "1997.09.12"]
[Round "7"]
[White "Demidenko, Sergey"]
[Black "Grabics, Monika"]
[Result "0-1"]
[WhiteElo "2260"]
[BlackElo "2330"]

1.e4 c5 2.Nf3 Nc6 3.d4 cxd4 4.Nxd4 Nf6 5.Nc3 d6 6.Bg5 e6 7.Qd2 a6 8.O-O-O h6
9.Be3 Bd7 10.f3 b5 11.Bd3 Ne5 12.Kb1 Qc7 13.g4 b4 14.Nce2 d5 15.g5 hxg5 16.exd5 Nxd5
17.Bxg5 Rb8 18.Ka1 Bc5 19.Rhg1 Rxh2 20.Bf4 Rh4 21.Rh1 Rxf4 22.Nxf4 Bxd4 23.Rh8+ Ke7
24.Nxd5+ exd5 25.Qg5+ Kd6 26.Rxb8 Qxb8 27.f4 Nxd3 28.Rxd3 Qh8 29.a3 Qh1+
30.Ka2 Bf6 31.Qg3 Bb5 32.f5+ Kd7 33.Qf3 Bc4+  0-1

[Event "Budapest FS09 IM"]
[Site "Budapest"]
[Date "1997.09.16"]
[Round "11"]
[White "Le Thi Phuong Lien"]
[Black "Varga, Peter"]
[Result "1/2-1/2"]
[WhiteElo "2265"]
[BlackElo "2395"]

1.e4 c5 2.Nf3 Nc6 3.d4 cxd4 4.Nxd4 Nf6 5.Nc3 d6 6.Bg5 e6 7.Qd2 a6 8.O-O-O h6
9.Bf4 Bd7 10.Nxc6 Bxc6 11.Qe1 Qc7 12.Kb1 e5 13.Nd5 Bxd5 14.exd5 Be7 15.Bc1 b5
16.g4 Rc8 17.c3 Qb7 18.Rg1 Rc5 19.Bg2 Kf8 20.f4 exf4 21.Bxf4 b4 22.cxb4 Rc4
23.Bd2 Rxg4 24.Rc1 Kg8 25.Qe2 Kh7 26.Rc6 Qb5 27.Qf3 Qxd5 28.Qxd5 Nxd5 29.h3 Rd4
30.Bxd5 Rxd5 31.Bc3 Rg5 32.Re1 Bd8 33.Rxa6 Rg3 34.b5 Bh4 35.Re4 Rxh3 36.b6 Rb8
37.Rb4 Bg3 38.b7 h5 39.Ra8 d5 40.a4 h4 41.Rg4 f6 42.Rxg3 Rh1+ 43.Ka2 Rxb7
44.Rd3 d4 45.Rxd4 g5 46.a5 h3 47.a6 Rb6 48.a7 Ra6+ 49.Kb3 h2 50.Rd7+ Kg6
51.Rh8 g4 52.Bxf6 Rxa7 53.Rxa7 Kxf6 54.Ra5 g3 55.Rh6+ Kg7 56.Rh3 Rg1 57.Rah5 Kf6
58.Rxh2 gxh2 59.Rxh2 Ke5 60.Rd2 Rg8 61.Kc2 Rc8+ 62.Kb1 Rb8 63.Rd3 Ke4 64.Rc3 Kd4
65.Kc2 Rb4 66.b3 Rb5 67.Rc4+ Kd5 68.Kc3 Rc5 69.Kb4 Rxc4+ 70.bxc4+ Kc6 71.c5 Kc7
72.Kb5 Kb7 73.c6+ Kc7 74.Kc5 Kc8  1/2-1/2

[Event "ISL-ch"]
[Site "Akureyri"]
[Date "1997.09.17"]
[Round "8"]
[White "Gunnarsson, Jon Viktor"]
[Black "Stefansson, Hannes"]
[Result "1-0"]
[WhiteElo "2315"]
[BlackElo "2545"]

1.e4 c5 2.Nf3 d6 3.d4 cxd4 4.Nxd4 Nf6 5.Nc3 Nc6 6.Bg5 e6 7.Qd2 a6 8.O-O-O h6
9.Be3 Be7 10.f3 Nxd4 11.Bxd4 b5 12.Kb1 Rb8 13.g4 b4 14.Ne2 e5 15.Ba7 Rb7
16.Be3 Be6 17.Nc1 Qa5 18.h4 d5 19.Nb3 Qa4 20.Bc5 Rc7 21.Bxe7 Kxe7 22.Bh3 d4
23.g5 Nh5 24.Bxe6 Kxe6 25.f4 Nxf4 26.Nxd4+ exd4 27.Qxf4 Qa5 28.Rxd4 Qe5 29.Qg4+ Ke7
30.Rd5  1-0

[Event "Budapest FS09 IM"]
[Site "Budapest"]
[Date "1997.09.18"]
[Round "13"]
[White "Le Thi Phuong Lien"]
[Black "Grabics, Monika"]
[Result "0-1"]
[WhiteElo "2265"]
[BlackElo "2330"]

1.e4 c5 2.Nf3 Nc6 3.d4 cxd4 4.Nxd4 Nf6 5.Nc3 d6 6.Bg5 e6 7.Qd2 a6 8.O-O-O h6
9.Bf4 Bd7 10.Nxc6 Bxc6 11.Qe1 Be7 12.Bxd6 Bxd6 13.e5 Nd5 14.exd6 Qxd6 15.Nxd5 Bxd5
16.Kb1 Qc5 17.Bd3 O-O 18.f4 b5 19.Rg1 Bc4 20.Qe4 Bxd3 21.Qxd3 Rac8 22.Qe2 Qf5
23.Rd4 Rfd8 24.Rgd1 Rxd4 25.Rxd4 Qf6 26.Qd2 e5 27.fxe5 Qf1+ 28.Qd1 Qxg2 29.Rd8+ Rxd8
30.Qxd8+ Kh7 31.a3 Qxh2 32.Qd3+ g6 33.Qd5 Qf2 34.Ka2 h5 35.a4 h4 36.axb5 axb5
37.Qxb5 h3 38.Qb7 Qf1 39.Qe7 Qc4+ 40.b3 Qxc2+ 41.Ka3 Qc1+ 42.Ka2 Qc2+ 43.Ka3 Qf5
44.Qh4+ Kg7 45.b4 g5 46.Qh5 Qd3+ 47.Ka4 Qc2+ 48.Ka5 Qg2 49.e6 fxe6 50.Qe8 Qa2+
51.Kb6 Qf2+ 52.Ka6 h2 53.Qe7+ Kg6 54.Qe8+ Qf7 55.Qh8 Qf1+ 56.b5 h1=Q 57.Qg8+ Kh5
58.Qe8+ Kh4  0-1

[Event "ESP-ch"]
[Site "Torrevieja"]
[Date "1997.09.29"]
[Round "1"]
[White "Esnaola Sansebastian, Ion"]
[Black "De la Villa Garcia, Jesus Maria"]
[Result "0-1"]
[WhiteElo "2090"]
[BlackElo "2485"]

1.e4 c5 2.Nf3 Nc6 3.d4 cxd4 4.Nxd4 Nf6 5.Nc3 d6 6.Bg5 e6 7.Be2 h6 8.Be3 a6
9.O-O Be7 10.Nb3 b5 11.a3 O-O 12.f4 Bb7 13.Bf3 Nd7 14.Qe2 Nb6 15.Rad1 Nc4
16.Bc1 Bf6 17.Qf2 Qc7 18.g4 b4 19.axb4 Nxb4 20.h4 Nxb2 21.Bxb2 Bxc3 22.Bxc3 Qxc3
23.Rxd6 Rfc8 24.Na5 Rab8 25.Nxb7 Rxb7 26.e5 Rbc7 27.Be4 Qh3 28.g5 Rc3 29.Bd3 Nxc2
30.Qf3 Qxh4 31.Rc1 Nd4 32.Bh7+ Kxh7 33.Qe4+ Nf5  0-1

[Event "ESP-ch"]
[Site "Torrevieja"]
[Date "1997.10.01"]
[Round "4"]
[White "De la Villa Garcia, Jesus Maria"]
[Black "Sanchez Guirado, Francisco"]
[Result "1/2-1/2"]
[WhiteElo "2485"]
[BlackElo "2380"]

1.e4 c5 2.Nf3 d6 3.d4 cxd4 4.Nxd4 Nf6 5.Nc3 Nc6 6.Bg5 e6 7.Qd2 a6 8.O-O-O h6
9.Be3 Be7 10.f3 Bd7 11.g4 Rc8 12.h4 Nxd4 13.Bxd4 e5 14.Be3 Qa5 15.Bh3 b5
16.g5 b4 17.Bxd7+ Kxd7 18.Nb1 hxg5 19.hxg5 Nh5 20.a3 b3 21.Nc3 bxc2 22.Kxc2 g6
23.Kb1 Rc6 24.Nd5 Qxd2 25.Rxd2 a5 26.b4 Rb8 27.Rc1 Rxc1+ 28.Kxc1 axb4 29.axb4 Nf4
30.Bxf4 exf4 31.Rg2 Rh8 32.Nxf4 Rh1+ 33.Kc2 Rf1 34.Rg3 Rf2+ 35.Kb3 Bxg5 36.Nd5 Bc1
37.Rh3 Kc6 38.Kc4 Rc2+ 39.Kd3 Rf2 40.Kc4 Rc2+ 41.Kd3 Rd2+ 42.Kc3 Rf2 43.Kc4  1/2-1/2

[Event "AUT-chT2S 9798"]
[Site "Austria"]
[Date "1997.10.05"]
[Round "2"]
[White "Fogarasi, Tibor"]
[Black "Wittmann, Walter"]
[Result "0-1"]
[WhiteElo "2475"]
[BlackElo "2405"]

1.e4 c5 2.Nf3 d6 3.d4 cxd4 4.Nxd4 Nf6 5.Nc3 Nc6 6.Bg5 e6 7.Qd2 Be7 8.O-O-O Nxd4
9.Qxd4 O-O 10.f4 h6 11.Bh4 Qa5 12.Bc4 Qh5 13.Bg3 Rd8 14.Qe3 Bd7 15.e5 dxe5
16.fxe5 Ng4 17.Qe2 Bc6 18.Kb1 Qg5 19.h4 Qh5 20.Bd3 Rd7 21.Ne4 Rad8 22.Nf2 f5
23.exf6 Nxf6 24.Qxe6+ Kh8 25.Be2 Qg6 26.Rxd7 Rxd7 27.Qe3 Ne4 28.Nxe4 Bxe4
29.Rc1 Bxg2 30.Bd3 Qg4 31.Be5 Qxh4 32.Rg1 Bg5 33.Qc5 Rd8 34.a3 Bf6 35.Bxf6 Qxf6
36.Qxa7 Bc6 37.Rf1 Qd6 38.Qf2 Qd5 39.Rg1 Qf3 40.Qh4 Rxd3 41.cxd3 Qxd3+ 42.Ka1 Qd7
43.Qf4 Qe7 44.Qf5 Bd7 45.Qd5 Be8 46.Qd4 Kh7 47.Qd3+ g6 48.Qf3 Bf7 49.Rf1 Kg8
50.Kb1 h5 51.Rc1 Kh7 52.Rc8 Be6 53.Rb8 Bf5+ 54.Ka2 Be4 55.Qc3 Qf7+ 56.b3 Qg7
57.Qxg7+ Kxg7 58.b4 h4  0-1